00547 2200217 4500001002100000005001500021035002000036007000300056008004100059020001800100082001100118084001700129100001600146245005800162250001000220260003600230300002500266650001600291990001100307990001100318INLIS00000000000131620180124090128 a0010-0118000134ta180124 f 0 ind  a979-266-781-4 a297.14 a297.14 FAR m0 aFarid Ahmad1 aManajemen Qalbu Ulama Salaf /cSyaikh Dr. Ahmad Farid acet 2 asurabaya :bPustaka Elba,c2016 a466hlm ;c16 x 24 cm aFiqih Islam a5881 a a5881 b